| 000 | 00440nam a2200133Ia 4500 | ||
|---|---|---|---|
| 008 | 210430s9999 xx 000 0 und d | ||
| 082 | _a808.0666A459H | ||
| 100 | _a Alred, Gerald J.; Oliu, Walter E.; Brusaw, Charles T. | ||
| 245 |
_aHandbook of Technical Writing _c Alred, Gerald J.; Oliu, Walter E.; Brusaw, Charles T. |
||
| 250 | _a12th ed. | ||
| 260 |
_aBoston (New York) _bBedford/St.Martin's |
||
| 300 | _a611p. | ||
| 942 |
_cREF _2ddc |
||
| 999 |
_c565854 _d565854 |
||